00831nam a2200217Ia 4500003000900000008004100009020001800050040001600068080002100084100002900105245015500134260003400289300001700323650004100340650003700381650001900418700002500437942000700462999001500469952012900484IN-BaIIA211028s9999 xx 000 0 eng d a0-387-96997-7 cIIA Library a083.8:524.6bHUC aHuchtmeier, W. K.916572 2aA general catalog of H I observations of galaxiesbthe reference catalogcW. K. Huchtmeier and O. G. Richter  aBerlinbSpringer-Verlagc1989 axviii, 350p. aAstronomy and Astrophysics Thesaurus aCatalogue-H1 observations916573 aGalaxies91286 aRichter, O. G916574 cBK c9789d9789 00104070aBANbBANcGENd0000-00-00g1326.80l0o083.8:524.6/ HUCp10699r2021-11-05v1326.80w0000-00-00yBKGRs. 1326.80